书目信息 |
| 书名: | Problems in physical chemistry | |
| 作者: | I. M. Ritchie, R. A. Craig and P. J. Thistlethwaite. | |
| 分册号: | ||
| 分册名: | 出版地: | Sydney ; |
|
| 出版社: | Wiley | |
| 出版时间: | 1975. | |
| 页数: | 170 p. : | |
| 开本: | 24 cm. | |
| 丛书名: | ||
| 中图分类号: | ||
| 科图分类号: | ||
| 其他分类号: | O64:H31 | |
| 主题词: | ||
| 电子资源: | ||
| 000 | 00749cam 22002290i 4504 | |
| 001 | E0754659300 | |
| 003 | CaOON | |
| 005 | 20070726160217.45 | |
| 008 | 030616s1975 at a 0001 eng l | |
| 010 | @a77357203 | |
| 020 | @a0471723401 :@cCNY1.10. | |
| 040 | @aDLC@beng@cCaOONL | |
| 090 | @aO64:H31 | |
| 099 | @dO64:H31@ex40 | |
| 100 | 1 | @aRitchie, I. M.@q(Ian Mackay),@d1936- |
| 245 | 10 | @aProblems in physical chemistry / @cI. M. Ritchie, R. A. Craig and P. J. Thistlethwaite. |
| 260 | 0 | @aSydney ;@aNew York :@bWiley,@c1975. |
| 300 | @a170 p. :@bill. ;@c24 cm. | |
| 650 | 0 | @aChemistry, Physical and theoretical@xProblems, exercises, etc. |
| 700 | 10 | @aThistlethwaite, P. J. |
| 700 | 10 | @aCraig, Robert A. |
| 920 | @a232010@z2 | |
| Problems in physical chemistry / / I. M. Ritchie, R. A. Craig and P. J. Thistlethwaite.-Sydney ; ; New York : : Wiley, , 1975. |
| 170 p. : : ill. ; ; 24 cm. |
| ISBN 0471723401 :CNY1.10. |
| ● |
| 相关链接 |
|
|
|
|
正题名:Problems in physical chemistry
索取号:O64:H31/x40
 
预约/预借
| 序号 | 登录号 | 条形码 | 馆藏地/架位号 | 状态 | 备注 |
| 1 | 14007 | 300140078 | 密集书库/ [索取号:O64:H31/x40] | 在馆 | |
| 2 | 48224 | 000635824 | 第四借阅区/ [索取号:O64:H31/x40] | 在馆 | |
| 3 | 48225 | 000635815 | 第四借阅区/ [索取号:O64:H31/x40] | 在馆 |